000 00660nam a2200217Ii 4500
003 JO-AjNU
008 230606s9999||||xx |||||||||||||| ||und||
020 _a0-13-474479-9
040 _aJO-AjNU
_beng
_erda
_cJO-AjNU
041 _aeng
050 1 4 _aHF5686.I56.C53 1992
100 3 _aChoi,Frederick D.S / Mueller,Gerhard G,
_eauthor
_93287
245 0 0 _aInternational Accounting
250 _a2 ed
264 3 1 _aNew Jersey: Prentice- Hall International,1992
300 _a610p
_b Includes indexes(p603-610)
336 _atext
_btxt
_2rdacontent
337 _aunmediated
_bn
_2rdamedia
338 _avolume
_bnc
_2rdacarrier
650 4 _aAccounting
_93288
999 _aE1719
_c1719
_d1719